000 00551nam a2200193Ia 4500
003 GCL
008 140319s9999 xx 000 0 eng d
040 _aGCL /
_cGCL
082 0 4 _a468
_bT L
100 1 _aTOVAR, ANTONCA
245 1 0 _aEL LINGUISTA ESPANOLA LORENZO HERVAS: CATALOGA SELLE LENGUE /
_cTOVAR, ANTONCA
260 _a[S.N] :
_bSOCIEDAD GENERAL ESPANOLA DE LIBRERIA ،
_c1987
300 _a366 P
650 0 4 _aGRAMMAR
650 0 4 _aLINGUISTICS
650 0 4 _aSPANISH LANGUAGE
650 0 4 _aGRAMMAR - SPANISH LANGUAGE
942 _2ddc
_cBK
999 _c15361
_d15361